| 000 | 00534nam a22001817a 4500 | ||
|---|---|---|---|
| 005 | 20251108171006.0 | ||
| 008 | 250721s1993 xx 000 0 ara d | ||
| 082 | 1 | 4 | _a920/دال |
| 100 | 1 | _aوالس، ايرفنج | |
| 245 | 1 | 0 | _aغرام العظماء / |
| 264 | 1 |
_aبيروت : _bدار الحسام للطباعة و النشر و التوزيع، _c1993. |
|
| 300 | _a288ص | ||
| 650 | 1 | 7 | _aالتراجم |
| 650 | 1 | 7 | _aالسياسه |
| 700 | 1 |
_aالشريف، علي _eترجمة |
|
| 942 |
_2ddc _cBK |
||
| 999 |
_c53872 _d53872 |
||